000 00537nam a2200181Ia 4500
001 8281
005 20260306160557.0
008 260306t2014||||xx |||||||||||||| ||spa||
041 _aESP
082 _a370.1523
_bM12
100 _aMacchiarola, Viviana
_eAUT
245 0 _aExperiencias de prácticas socio-comunitarias en la universidad:
_brecorridos, emergencias y desafíos de una innovación pedagógica-social
260 _c2014
300 _a263 páginas :
_c23 cm.
650 _aGEN
654 _aCED
942 _cLIB
_dJUS
_fJUS
_2ddc
_n
999 _c8281
_d8281